Anatomía comparada de los animales domésticos /
Guardado en:
| Autor Principal: | |
|---|---|
| Otros Autores: | |
| Formato: | Libro |
| Publicado: |
España :
Graf. Canales,
1961
|
| Edición: | 7a. ed. |
| Materias: | |
| Etiquetas: |
Agregar Etiqueta
Sin Etiquetas, Sea el primero en etiquetar este registro!
|
| LEADER | 00978nam a22002415a 4500 | ||
|---|---|---|---|
| 001 | CEM.cems002973 | ||
| 008 | 130507s1961##################000#0#####d | ||
| 005 | 20210825185512.0 | ||
| 003 | CEMS | ||
| 245 | 1 | 0 | |a Anatomía comparada de los animales domésticos / |c Joaquín González y García |
| 250 | |a 7a. ed. | ||
| 260 | |a España : |b Graf. Canales, |c 1961 | ||
| 300 | |a 900 p. | ||
| 505 | 0 | |a La abundancia de las poblaciones.-El muestreo de poblaciones animales. -An lisis de las poblaciones en el espacio.-Mortalidad y tablas de vida.-Reproducci¢n.-Par metros poblaciones.-Crecimiento y regulaci¢n de la poblaci¢n.- | |
| 100 | 1 | |a González y García, Joaquín | |
| 700 | 1 | |a González Alvarez, Rafael | |
| 082 | 0 | 4 | |a 591.4 |
| 653 | |a Animales domesticos | ||
| 653 | |a Aves-sistema digestivo | ||
| 653 | |a Equinos-sistema digestivo | ||
| 653 | |a Equinos-sistema nervioso | ||
| 653 | |a Rumiantes-aparato digestivo | ||
| 859 | |a CEMS |b BIB. CEMS - Agricultura |h 591.4 |i G589a7 |p A5061.76 |t Ej.1 | ||
